000 00620cam a2200217 4500
008 090401t1993 xxu||||| |||| 00| 0 eng d
020 _a0947877983
035 _a(Sirsi) u71127
041 _aeng
050 _a720.023
110 _aRoyal Institute of British Architects
_92527
245 _aStrategic study of the profession. Phase 2: clients and architects.
260 _aLondon
_bRIBA
_c1993
300 _a119p. ; 30cm.
350 _a20
650 _aPROFFESSIONS
690 _aMANAGEMENT-BUSINESS MANAGEMENT-PROFESSIONAL PRACTICE
700 _aJackson, Lynne
_xEditor
942 _n0
948 _c04/03/1997
999 _c95386
_d95386